000 00253nam a22001097a 4500
008 140515t xxu||||| |||| 00| 0 eng d
020 _a0-387-39238-6
100 _aDarren R. Flower
_9853
245 _ain Silico Immunology
300 _a450
942 _2ddc
_cBK
999 _c17096
_d17096